02480nam a22002777a 4500003000900000005001700009008004100026040001300067100005400080245015800134250000800292260005400300300002000354490002000374500023900394520084000633942001201473999001701485952010001502952010001602952010001702952010001802952010001902952010002002952010002102IT-RoPau20220918175936.0121211b xxu||||| |||| 00| 0 eng d cIT-RoPau aAlberione GiacomoqFondatore Famiglia Paolina919 aAbundantes divitiae gratiae suae.bStoria carismatica della Famiglia Paolina. Terza edizione con note illustrative a cura del sac. Giuseppe Barbero ssp.  aIII aRomabCasa Generalizia Società San Paolo c1975 a144 p.c18,5 cm aOpera Omnia vI aIn occasione del quarentesimo anniversario della fondazione della Pia Società San Paolo, festeggiato nell'anno 1954 e in base a delle rivelazioni fatte da Don Alberione si decise di fare degli appunti che qui vengono ora pubblicati. aFoto del Fondatore nel frontespizio INDICE GENERALE Presentazione "Abundantes divitiae gratiae suae" Momenti di maggior grazia La missione particolare Dall' organizzazione alla vita comune-religiosa La Famiglia Paolina Giovinezza Predilezione divina La condotta di Dio La romanità Spirito sociale Universalità Lo spirito liturgico Tre chiese principali Catechismo Spirito pastorale Sale...luce...città... Spirito paolino Primi preparativi ...A Roma Espansività Il dono e la ricchezza dei Cooperatori Il lavoro Provvidenza Vangelo Sviluppo personalità <> La divina assistenza Profondità spirituale Le devozioni Cose da realizzare Ringraziamento al Signore Appendice Commiato Indice alfabetico (Argomenti - Luoghi - Persone) Indice delle citazioni bibliche Avvertenza sull' uso delle Fonti Indice generale  2ddccBK c37635d37635 00102ddc406P_A671aPAULUSbPAULUSd2012-12-11l0oP A6r2012-12-11 00:00:00w2012-12-11yBK 00102ddc406P_A671aPAULUSbPAULUSd2012-12-14l0oP A6r2012-12-14 00:00:00w2012-12-14yBK 00102ddc406P_A671aPAULUSbPAULUSd2012-12-14l0oP A6r2012-12-14 00:00:00w2012-12-14yBK 00102ddc406P_A671aPAULUSbPAULUSd2012-12-14l0oP A6r2012-12-14 00:00:00w2012-12-14yBK 00102ddc406P_A671aPAULUSbPAULUSd2012-12-14l0oP A6r2012-12-14 00:00:00w2012-12-14yBK 00102ddc406P_A671aPAULUSbPAULUSd2012-12-14l0oP A6r2012-12-14 00:00:00w2012-12-14yBK 00102ddc406P_A671aPAULUSbPAULUSd2012-12-14l0oP A6r2012-12-14 00:00:00w2012-12-14yBK